Quiz général sur l'Antiquité tardive - Statistiques

Statistiques générales
  • Ce quiz a été pris 130 fois
  • Le résultat moyen est 6 sur 13
Statistiques - réponses
Questions Réponse % Correct
Premier empereur romain à s'être converti au christianisme Constantin
89%
Nom de la ville sur laquelle s'est construite Constantinople Byzance
86%
Guerrier Hun défait lors de la bataille des champs catalauniques Attila
82%
Dernier empereur romain d'Occident, qui a été déposé par Odoacre en 476 Romulus Augustule
49%
Hérésie chrétienne qui renie la consubstantialité du Christ Arianisme
44%
Nom du système où règnent deux Augustes et deux Césars, institué par Dioclétien Tétrarchie
44%
Personnage saint célèbre, ayant écrit "Les Confessions" Saint Augustin
39%
Empereur byzantin ayant repris Rome contre les Wisigoths en 536 Justinien Ier
38%
Terme employé par les chrétiens pour désigner les paysans qui ne sont pas encore évangélisés, encore adeptes des cultes polythéistes Paganisme
32%
Figure importante du monachisme gaulois, qui aurait partagé son manteau avec un mendiant Saint Martin
21%
Code de loi important, notamment contre le paganisme Code Théodosien
20%
Système de fidélité d'un peuple dit barbare envers l'empereur romain Foedus
17%
Femme philosophe célèbre qui a été assassinée par des chrétiens Hypatie
14%
Aucun quiz correspondant
Distribution des résultats
% des personnes avec chaque résultat
Percentile par nombre de réponses
Votre historique - résultats
Vous n’avez pas pris ce quiz